Los ritos del obseso. (Registro nro. 63151)
[ vista simple ]
| 000 -LEADER | |
|---|---|
| fixed length control field | 00582nam a2200205 u 4500 |
| 001 - CONTROL NUMBER | |
| control field | 63151 |
| 005 - DATE AND TIME OF LATEST TRANSACTION | |
| control field | 20180714065447.0 |
| 008 - FIXED-LENGTH DATA ELEMENTS--GENERAL INFORMATION | |
| fixed length control field | 150702s1999 mx r 000 0 spa d |
| 020 ## - INTERNATIONAL STANDARD BOOK NUMBER | |
| International Standard Book Number | 968-23-2198-1 |
| 082 ## - DEWEY DECIMAL CLASSIFICATION NUMBER | |
| Classification number | 861.4 |
| Item number | AGUI |
| 100 1# - MAIN ENTRY--PERSONAL NAME | |
| Personal name | Aguilera Díaz, Gaspar, |
| Relator term | autor |
| 245 14 - TITLE STATEMENT | |
| Title | Los ritos del obseso. |
| 250 ## - EDITION STATEMENT | |
| Edition statement | Primera edición |
| 264 ## - PRODUCTION, PUBLICATION, DISTRIBUTION, MANUFACTURE, AND COPYRIGHT NOTICE | |
| Place of production, publication, distribution, manufacture | México : |
| Name of producer, publisher, distributor, manufacturer | Siglo Veintiuno |
| Date of production, publication, distribution, manufacture, or copyright notice | 1999 |
| 300 ## - PHYSICAL DESCRIPTION | |
| Extent | 226 páginas ; |
| Dimensions | 21 cm. |
| 336 ## - CONTENT TYPE | |
| Content type term | texto |
| Source | rdacontent |
| 337 ## - MEDIA TYPE | |
| Media type term | sin mediación |
| Source | rdamedia |
| 338 ## - CARRIER TYPE | |
| Carrier type term | volumen |
| Source | rdacarrier |
| 490 1# - SERIES STATEMENT | |
| Series statement | El pez soluble |
| Withdrawn status | Lost status | Source of classification or shelving scheme | Damaged status | Not for loan | Collection code | Home library | Current library | Shelving location | Date acquired | Source of acquisition | Total Checkouts | Full call number | Barcode | Date last seen | Price effective from | Koha item type |
|---|---|---|---|---|---|---|---|---|---|---|---|---|---|---|---|---|
| Dewey Decimal Classification | General | Tehuacán | Tehuacán | Sala general | 02/07/2015 | Compra | 861.4 AGUI 1999 | 509807 | 08/01/2025 | 02/07/2015 | Libro |